00825nam a22002177a 450000500170000001000130001702000220003003500130005203700160006504000120008108200130009324500810010626000420018727000450022930000310027465000510030570000250035694200220038199900190040395201850042220170124110036.0 aA-794440 c00.00a8175300000 aA-794440 bCen Lib/Ret aDPLbEN a888bCIV aCivil lines 2 :cedited by Rukun Advani...[et al.]bnew writing from India / bRavi Dayal Publisherc1995aNew Delhi a51 E Sujan Singh ParkbNew Delhie110003 avi,188p. :c20cm(Hb)bill. aClassical greek miscellaneous writings.922727 aAdvani, Rukun989447 2ddccENh888mCIV c128217d128217 04104070aLbLd2015-07-02eCen Lib/Retg0.00l0o888 CIVpA-794440r2015-07-02 00:00:00t1v0.00w2015-07-02yENzWritten off on approval by DLB (By Circulation); dtd 15-06-2023